Non-Stop from Atlantic City Quiz Stats

 Plays Quiz not verified by Sporcle

Challenge
Share
Tweet
Embed
Score 0/10 Timer 04:00
0 Plays Today
State City % Correct
MichiganDetroit
100%
GeorgiaAtlanta
98.5%
IllinoisChicago
98.5%
MassachusettsBoston
97.1%
FloridaOrlando
97.1%
FloridaTampa
95.6%
FloridaFt. Lauderdale
79.4%
South CarolinaMyrtle Beach
66.2%
FloridaWest Palm Beach
64.7%
FloridaFt. Myers
60.3%

You're not logged in!

Compare scores with friends on all Sporcle quizzes.
OR
Log In

You Might Also Like...

Show Comments

Extras

Top Quizzes Today


Score Distribution

Your Account Isn't Verified!

In order to create a playlist on Sporcle, you need to verify the email address you used during registration. Go to your Sporcle Settings to finish the process.

Report this User

Report this user for behavior that violates our Community Guidelines.

Details: